| 000 | 01898cam a22003978a 4500 | ||
|---|---|---|---|
| 001 | 14763562 | ||
| 005 | 20070409170037.0 | ||
| 008 | 070309s2007 enk b 000 0 eng | ||
| 010 | _a 2007009977 | ||
| 020 | _a9781842777459 (pb : alk. paper) | ||
| 020 | _a1842777459 (pb : alk. paper) | ||
| 020 | _a9781842777442 (hb : alk. paper) | ||
| 020 | _a1842777440 (hb : alk. paper) | ||
| 040 |
_aDLC _cDLC _dDLC |
||
| 043 | _aa-iq--- | ||
| 050 | 0 | 0 |
_aHQ1735 _b.A65 2007 |
| 082 | 0 | 0 |
_a305.48892 _222 _bALI |
| 100 | 1 |
_aAl-Ali, Nadje Sadig. _95136 |
|
| 245 | 1 | 0 |
_aIraqi women : _buntold stories from 1948 to the present / _cNadje Sadig Al-Ali. |
| 260 |
_aLondon ; _aNew York : _bZed Books, _c2007. |
||
| 263 | _a0704 | ||
| 300 |
_a292 p; _c24 cm. |
||
| 500 | _aIncludes Index. | ||
| 504 | _aIncludes bibliographical references. | ||
| 505 | 0 | _aIntroduction -- Living in the diaspora -- Living with the revolution -- Living with the Ba'th -- Living with wars on many fronts -- Living with sanctions -- Living with the occupation -- Conclusion. | |
| 650 | 0 |
_aWomen _zIraq _xHistory. _95137 |
|
| 650 | 0 |
_aWomen _zIraq _xSocial conditions _y20th century. _95138 |
|
| 650 | 0 |
_aWomen and war _y20th century. _95139 |
|
| 651 | 0 |
_aIraq _xSocial conditions _y20th century. _95140 |
|
| 856 | 4 | 2 |
_3Contributor biographical information _uhttp://www.loc.gov/catdir/enhancements/fy0711/2007009977-b.html |
| 856 | 4 | 2 |
_3Publisher description _uhttp://www.loc.gov/catdir/enhancements/fy0711/2007009977-d.html |
| 856 | 4 | 1 |
_3Table of contents only _uhttp://www.loc.gov/catdir/enhancements/fy0711/2007009977-t.html |
| 942 |
_2ddc _cBB |
||
| 999 |
_c11618 _d11618 |
||